000
00340nam a2200145Ia 4500
005
20251222144733.0
008
251222s9999||||xx |||||||||||||| ||spa||
020
_a
9972717003
082
_a
780.985.03/T35
100
_a
Tello, Aurelio
245
0
_a
Música Barroca del Perú
250
_a
1ra.ed.
264
_b
AFP Integra
942
_c
LIB
999
_c
18684
_d
18684